Historical Nation by Leader (Picture Quiz) - Statistics

General Stats
  • This quiz has been taken 48 times
  • The average score is 5 of 16
Answer Stats
Picture Answer % Correct
Suleiman the Magnificent - Ottoman Empire
95%
Charlemagne - Carolingian Empire
70%
Josip Broz Tito - Yugoslavia
70%
Mansa Musa - Mali Empire
58%
Shaka Zulu - Kingdom of Zulu
55%
Moctezuma II - Aztec Empire
33%
Manco Cápac - Kingdom of Cusco
28%
Philip II - Macedonia
28%
Simón Bolívar - Gran Colombia
28%
Marco Cornaro - Venetian Republic
20%
Chandragupta Maurya - Maurya Empire
13%
Sam Houston - Republic of Texas
13%
Jayavarman VII - Khmer Empire
10%
Anlamani - Kingdom of Kush
8%
Kamehameha II - Hawaiian Kingdom
8%
Saud bin Abdulaziz - Emirate of Jabal Shammar
0%
No matching quizzes found
Score Distribution
Percent of People with Each Score
Percentile by Number Answered
Your Score History
You have not taken this quiz